| 000 | | | 03815nac2a22002413x 450 |
| 001 | | | e152f22b-d1e7-4743-b327-afb8e2ebbdcb |
| 005 | | | 20190225124346.0 |
| 100 | ## | $a | 20190110l 1919k y0rusy50 ca |
| 101 | 0# | $a | rus |
| 102 | ## | $a | RU |
| 105 | ## | $a | y z |||e| |
| 200 | 1# | $a | Доклад чиновника лесного отдела о мерах борьбы с самовольными порубками леса, переписка с Министерством земледелия о разработке законопроектов о борьбе с порубщиками леса и др. |
| | $j | 16 сентября 1918 - 27 февраля 1919 |
| 215 | ## | $a | 20 листов |
| 251 | ## | $c | Дело |
| 300 | ## | $a | Машинописный и рукописный текст |
| 324 | ## | $a | В деле имеются копии отдельных документов |
| 461 | #0 | $1 | 0010f0e3429-2e37-4fb4-ace0-6332d350a692 |
| | $1 | 2001 |
| | $a | Министерство внутренних дел Российского правительства. Омск |
| | $1 | 251 |
| | $c | Фонд |
| | $1 | 852 |
| | $j | 1700 |
| | $g | Р |
| 462 | #0 | $1 | 001ae790ebe-5e57-4246-b847-45ced1f0c984 |
| | $1 | 2001 |
| | $a | Юридический Отдел. 1918-1919 г. |
| | $v | Д. 11 |
| | $1 | 251 |
| | $c | Опись |
| | $1 | 852 |
| | $j | 4 |
| 601 | 02 | $3 | RU\NLR\AUTH\8810247804 |
| | $a | Временное Сибирское правительство |
| | $b | Министерство внутренних дел |
| 601 | 02 | $3 | RU\NLR\AUTH\889926921 |
| | $a | Временное Сибирское правительство |
| | $b | Министерство земледелия |
| 801 | #0 | $a | RU |
| | $b | GA_RF |
| 801 | #1 | $a | RU |
| | $b | ГлавНИВЦ |
| | $c | 20190110 |
| | $2 | rusmarc |
| 801 | #2 | $a | RU |
| | $b | ПБ им. Б.Н. Ельцина |
| | $c | 20190225 |
| | $g | RCR |
| | $2 | rusmarc |
| 852 | ## | $a | ГА РФ |
| | $j | 11 |
| 937 | ## | $d | 126055745 |
| | $h | ПБ |
| 035 | ## | $a | RuPRLIB51054467 |
| 856 | ## | $u | http://readingroom.main.prlib.ru/item.aspx?id_node=n126055745&mode=full |